00678nam a22001931 4500001000700000003000900007005001700016007000300033008004100036016001800077040002100095100002500116245011100141260004200252300002900294852002200323999001900345952012000364134176ES-MaACL20230906194621.0t|070906s1928 gw ||||0| spa d7 zIND2000943737 aM-BN bspa cCDM1 aWeygandt, W.911660113aLa Universidad de Hamburgo / cpublicado bajo los auspicios del claustro universitario por... W. Weygandt. a[Hamburgo : bBroschek & Co, c1928?] a92 p. : bil. ; c20 cm. aES-MaACLjB-12271 c134176d134176 00104070aATENEOMbATENEOMcSPBd2008-01-17eSCl0oB-12271p1139669r2023-02-23 00:00:00w2023-02-23yMONOGRAFIA